Gil Vicente (Record no. 126329)

MARC details
000 -LEADER
campo de control de longitud fija 00643nam a2200217 4500
001 - NÚMERO DE CONTROL
campo de control 126329
003 - IDENTIFICADOR DE NÚMERO DE CONTROL
campo de control ES-MaACL
005 - FECHA Y HORA DE LA ÚLTIMA TRANSACCIÓN
campo de control 20240522131511.0
007 - CAMPO FIJO DE DESCRIPCIÓN FÍSICA--INFORMACIÓN GENERAL
campo de control de longitud fija t|
008 - DATOS DE LONGITUD FIJA--INFORMACIÓN GENERAL
campo de control de longitud fija 070214s1977 sp r ||||1| spa d
100 1# - ENTRADA PRINCIPAL--NOMBRE DE PERSONA
Nombre de persona Reckert, Stephen.
9 (RLIN) 95773
245 10 - MENCIÓN DEL TÍTULO
Título Gil Vicente
Resto del título : espíritu y letra /
Mención de responsabilidad, etc. Stephen Reckert.
260 ## - PUBLICACIÓN, DISTRIBUCIÓN, ETC.
Lugar de publicación, distribución, etc. Madrid :
Nombre del editor, distribuidor, etc. Gredos,
Fecha de publicación, distribución, etc. 1977.
300 ## - DESCRIPCIÓN FÍSICA
Extensión 484 p. ;
Dimensiones 21 cm.
490 1# - MENCIÓN DE SERIE
Mención de serie Biblioteca románica hispánica. textos ;
Designación de volumen o secuencia 10
500 ## - NOTA GENERAL
Nota general I. Estudios.
830 0# - PUNTO DE ACCESO ADICIONAL DE SERIE-TÍTULO UNIFORME
Título uniforme Biblioteca románica hispánica. IV. Textos ;
Designación de volumen o secuencia 10
9 (RLIN) 178362
852 ## - LOCALIZACIÓN
Ubicación ES-MaACL
Número de control de estantería A-6355
Sublocalización o colección R.95582
942 ## - ELEMENTOS DE ENTRADA SECUNDARIOS (KOHA)
Fuente del sistema de clasificación o colocación Clasificación decimal universal
Holdings
Estatus retirado Estado de pérdida Estado de daño No para préstamo Biblioteca de origen Biblioteca actual Ubicación en estantería Fecha de adquisición Fuente de adquisición Total de préstamos Signatura topográfica completa Código de barras Visto por última vez Precio de reemplazo Tipo de ítem Koha
        Biblioteca del Ateneo de Madrid Biblioteca del Ateneo de Madrid Sala Pecera Planta 1 17/01/2008     A-6355 1131579 23/02/2023 23/02/2023 Libro impreso